000 01219nam a2200277Ia 4500
003 OSt
005 20221005111444.0
006 a|||||r|||| 00| 0
007 ta
008 221004b |||||||| |||| 00| 0 hin d
020 _a9789350005071
_c700
024 _a12030
037 _b270, 03/03/2014, Vani Prakashan
_cTextual
040 _aCRL
_cCRL
_bhin
041 _2hin
_ahin
082 _aY38(P152).2, 152P9
100 _aऑर्सीनी, फ्रांचेस्का
245 0 _aहिन्दी का लोकवृत 1920 -1940
_b राष्ट्रवाद के युग में भाषा और साहित्य
246 _aHindī kā lokavṛut 1920 -1940: rāṣhṭravād ke yug mean bhāṣhā aur sāhitya
260 _aनई दिल्ली
_bवाणी प्रकाशन भारत
_c2011
300 _a576पृ0
_ccm.
650 _aभारतीय-लोक साहित्य
700 _a नीलाभ, अनु.
942 _hY38(P152).2, 152P9
_cTEXL
_2cc
999 _c1021881
_d1021881